000 00481nam a2200169 i 4500
001 99471
003 ES-MaACL
005 20230906182513.0
007 t|
008 050912s1966 sp ||||1| spa d
100 1 _aMartín Vigil, José Luis.
_977676
245 1 3 _aLa sociedad contra Miguel Jalón /
_cpor José Luis Martín Vigil.
250 _a[1ª ed.].
260 _aOviedo :
_bRichard Grandio,
_c1966.
300 _a383 p. ;
_c20 cm.
852 _aES-MaACL
_jC-31120
_bR.61482
999 _c99471
_d99471